| 000 | 00000nam##2200000za#4500 |
| 001 | 9.580610 |
| 003 | CaOODSP |
| 005 | 20211126112846 |
| 007 | cr ||||||||||| |
| 008 | 150406|2003||||xxc|||||o f|0| 0 eng|d |
| 022 | |a1701-9397 |
| 040 | |aCaOODSP|beng |
| 043 | |an-cn--- |
| 086 | 1 |aFB3-2/103-42E-PDF |
| 110 | 2 |aBank of Canada. |
| 245 | 12|aA Structural VAR approach to the intertemporal model of the current account / |h[electronic resource]|cby Takashi Kano. |
| 260 | |aOttawa - Ontario : |bBank of Canada |c2003. |
| 300 | |a42p.|breferences, tables |
| 490 | 1 |aBank of Canada working paper|x1701-9397|v2003-42 |
| 500 | |aFile reproduced from original print. The ISSN (1192-5434) for the print edition appears in the PDF version. |
| 546 | |aRésumé en français. |
| 590 | |a14-17-Supp|b2014-10-09 |
| 720 | 1 |aKano, Takashi |
| 776 | 0#|tA Structural VAR approach to the intertemporal model of the current account / |w(CaOODSP)9.616692 |
| 830 | #0|aWorking paper (Bank of Canada)|x1701-9397|v2003-42|w(CaOODSP)9.504604 |
| 856 | 40|ahttp://publications.gc.ca|qPDF|s659 KB|uhttps://publications.gc.ca/collections/collection_2014/banque-bank-canada/FB3-2-103-42-eng.pdf|y2003-42 |